Completitud del derecho (Registro nro. 25175)

Detalles MARC
000 -LEADER
fixed length control field 00370 a2200109 4500
001 - CONTROL NUMBER
control field ART_10860
005 - DATE AND TIME OF LATEST TRANSACTION
control field 20260410161853.0
008 - FIXED-LENGTH DATA ELEMENTS--GENERAL INFORMATION
fixed length control field 260409a
100 1# - MAIN ENTRY--PERSONAL NAME
Personal name Díaz Bardelli, Julián
245 10 - TITLE STATEMENT
Title Completitud del derecho
773 0# - HOST ITEM ENTRY
Title Filosofía del derecho
Related parts Cuestiones conceptuales, metodológicas y normativas - Año I, Nº 1 (mayo 2012)
Record control number REV10449

No hay ítems disponibles.